000 005500000a22001210004500
773 0 _tPhronesis: a journal of Asian Theological Seminary
100 1 _aO. Gorospe, Adonis Abelard
245 1 0 _aResurrection and social action (part 2)
300 _aVol.11, núm.2 (2004), Páginas 3-13
520 _a-Introducción -El mal social en el nuevo testamento -El concepto de la resurrección en la iglesia primitiva -La resurrección y la ética -La resurrección y la responsabilidad social -Implicaciones
650 1 4 _aRESPONSABILIDAD SOCIAL
942 _cANA
999 _c62672
_d62672